Aritmética /

Guardado en:
Autor Principal: Becker, María Elena.
Otros Autores: Pietrocola, Norma., Sanchez, Carlos M. 1945-
Formato: Libro
Idioma:Spanish
Publicado: Buenos Aires : Red Olímpica, c2001.
Acceso en línea:Reseña (PDF)
Etiquetas: Agregar Etiqueta
Sin Etiquetas, Sea el primero en etiquetar este registro!
LEADER 01089nam a22002055a 4500
001 MAT.inmabb006731
008 120904s2001####ag#a#####b####001#0#spa#d
005 20121108162637.0
245 1 0 |a Aritmética /  |c María Elena Becker, Norma Pietrocola, Carlos Sanchez. 
260 |a Buenos Aires :  |b Red Olímpica,  |c c2001. 
300 |a viii, 230 p. :  |b il. ;  |c 26 cm. 
504 |a Incluye referencias bibliográficas (p. 225) e índice. 
505 0 |a 1. Divisibilidad -- 2. Máximo común divisor -- 3. Números primos y factorización -- 4. La sucesión de números primos -- 5. Congruencias -- 6. Teoremas fundamentales de la aritmética modular -- 7. Residuos cuadráticos -- 8. Reciprocidad cuadrática -- 9. Primalidad y factorización. 
020 |a 9879072359 
100 1 |a Becker, María Elena. 
700 1 |a Pietrocola, Norma. 
700 1 |a Sanchez, Carlos M.  |q (Carlos Marcelo),  |d 1945- 
084 |a 11-01  |2 msc2000 
856 4 2 |u http://bibliotecavirtual.unl.edu.ar:8180/publicaciones/bitstream/1/2661/1/YUPANA%5F1%5F2004%5Fpag%5F99%5F101.pdf  |y Reseña (PDF) 
859 |h 11  |i B395  |p A-8790  |b BIB. MATEMATICA